000
00302nam a2200121Ia 4500
005
20251222175926.0
008
251222s9999||||xx |||||||||||||| ||spa||
082
_a
343.034/A48
100
_a
Alvarado Mairena, José
245
0
_a
Gestión Presupuestaria del Estado 2003
264
_b
CIAT
942
_c
LIB
999
_c
40864
_d
40864